书目信息 |
| 题名: |
资产评估理论与实务
|
|
| 作者: | 徐念慈 , 郭宝柱 主编 | |
| 分册: | ||
| 出版信息: | 中南工业大学出版社 1997.09 |
|
| 页数: | 369页 | |
| 开本: | 32开 | |
| 丛书名: | ||
| 单 册: | ||
| 中图分类: | F123.7 | |
| 科图分类: | ||
| 主题词: | 经济--中国 | |
| 电子资源: | ||
| ISBN: | 7-81061-013-9 | |
| 000 | 00606nam0 2200205 45 | |
| 001 | 0007192348 | |
| 005 | 20000719232917.0 | |
| 010 | @a7-81061-013-9@d15.00元 | |
| 100 | @a20000719d1997 km y0chiy0120 ea | |
| 101 | 0 | @achi |
| 105 | @a z 000yy | |
| 200 | 1 | @a资产评估理论与实务@AZi Chan Ping Gu Li Lun Yu Shi Wu@f徐念慈,郭宝柱主编@FXu Nian Ci,Guo Bao Zhu Zhu Bian |
| 210 | @c中南工业大学出版社@d1997.09 | |
| 215 | @a369页@d32开 | |
| 606 | 0 | @a经济@x中国 |
| 690 | @aF123.7@v3 | |
| 701 | 0 | @a徐念慈@4主编 |
| 701 | 0 | @a郭宝柱@4主编 |
| 801 | @aCN@bPftUser@c20000719 | |
| 905 | @b75540-549@dF123.7@eX091@f10 | |
| 资产评估理论与实务/徐念慈,郭宝柱主编.-中南工业大学出版社,1997.09 |
| 369页;32开 |
| ISBN 7-81061-013-9:15.00元 |
| ● |
| 相关链接 |
|
|
|
正题名:资产评估理论与实务
索取号:F123.7/X091
 
预约/预借
| 序号 | 登录号 | 条形码 | 馆藏地/架位号 | 状态 | 备注 |
| 1 | 75540 | 200755405 | 社科二线400B/400B社科库 32排1列2层/ [索取号:F123.7/X091] | 在馆 | |
| 2 | 75541 | 200755414 | 社科库409/409社科库 69排1列2层/ [索取号:F123.7/X091] | 在馆 | |
| 3 | 75542 | 200755423 | 社科二线400B/400B社科库 32排1列2层/ [索取号:F123.7/X091] | 在馆 | |
| 4 | 75543 | 200755432 | 社科二线400B/400B社科库 1排1列1层/ [索取号:F123.7/X091] | 在馆 | |
| 5 | 75544 | 200755441 | 社科库409/409社科库 74排4列2层/ [索取号:F123.7/X091] | 在馆 | |
| 6 | 75545 | 200755450 | 社科二线400B/400B社科库 32排1列2层/ [索取号:F123.7/X091] | 在馆 | |
| 7 | 75546 | 200755469 | 社科库409/409社科库 69排1列2层/ [索取号:F123.7/X091] | 在馆 | |
| 8 | 75547 | 200755478 | 社科库409/409社科库 74排4列2层/ [索取号:F123.7/X091] | 在馆 | |
| 9 | 75548 | 200755487 | 社科库409/409社科库 69排1列2层/ [索取号:F123.7/X091] | 在馆 | |
| 10 | 75549 | 200755496 | 社科二线400B/409社科库 69排1列2层/ [索取号:F123.7/X091] | 在馆 |